000
00233nam a2200097Ia 4500
008
230508s2001 xx 000 0 und d
041
_a
eng
100
_a
GOYAL & ARORA
245
_a
HOTEL MAINTENANCE 2ND ED
260
_b
STAND PUB
_c
2001
999
_c
310870
_d
310870